000 00374nam a2200157Ia 4500
003 Ost
005 20260225132541.0
008 260225s9999||||xx |||||||||||||| ||und||
040 _cfsic
041 _afre
082 _a70.4
100 _aVirgine durand
_eAuteur
245 0 _aLes métiers de la communication d'entreprise /
245 0 _cVirgine durand
942 _cكتاب
999 _c33507
_d33507